Ciencias de la Naturaleza. Biología y Geología. Materiales de apoyo a la programación. Segundo ciclo de educación obligatoria: una propuesta para el debate
Zapisane w:
| Główni autorzy: | , |
|---|---|
| Format: | Książka |
| Język: | hiszpański |
| Wydane: |
Pamplona
Gobierno de Navarra
1998
|
| Hasła przedmiotowe: | |
| Etykiety: |
Dodaj etykietę
Nie ma etykietki, Dołącz pierwszą etykiete!
|
MARC
| LEADER | 00000nam a2200000 a 4500 | ||
|---|---|---|---|
| 001 | UCQ5121 | ||
| 003 | CL-VaPUC | ||
| 008 | 980925e19980000SP |||||||||||||||||spa|d | ||
| 082 | 0 | 4 | |a 372.357 |b PAT |2 21 |
| 100 | |a Patiño Marquina, Fernando |e autor |9 419294 | ||
| 700 | 0 | |a Suárez Sánchez, Bakartxo |e author |9 419295 | |
| 245 | 1 | 0 | |a Ciencias de la Naturaleza. Biología y Geología. Materiales de apoyo a la programación. Segundo ciclo de educación obligatoria: una propuesta para el debate |
| 300 | |a 2 v | ||
| 942 | |c BK | ||
| 945 | |d 19980925 00:00:00 |a mvenant | ||
| 260 | |a Pamplona |b Gobierno de Navarra |c 1998 | ||
| 650 | 0 | |a Educación científica |9 307484 | |
| 650 | 0 | |a Enseñanza de la biología |9 338701 | |
| 650 | 0 | |a Geología |9 260984 | |
| 650 | 0 | |a Ciencias naturales |9 260542 | |
| 583 | |a last modification |c 20170727 03:53:54 |k Rodrigo Vera | ||
| 999 | |c 275340 |d 275338 | ||
| 952 | |0 0 |1 0 |4 0 |6 372_357000000000000_PAT_1998 |7 0 |8 P |9 312071 |a BIBEDU |b BIBEDU |c BIBEDU_PB |d 2019-11-20 |h v.1 |i 3465187 |o 372.357 PAT 1998 |p 3465187 |r 2024-01-25 |w 2019-11-20 |y BK |k BME | ||
| 952 | |0 0 |1 0 |4 0 |6 372_357000000000000_PAT_1998 |7 0 |8 P |9 312072 |a BIBEDU |b BIBEDU |c BIBEDU_PB |d 2019-11-20 |h v.2 |i 3465195 |o 372.357 PAT 1998 |p 3465195 |r 2024-01-25 |w 2019-11-20 |y BK |k BME | ||